Open Data Biblioteca Nacional de Portugal


República Portuguesa: Ministério da Cultura
Biblioteca Nacional de Portugal

Catálogo da BNP: acesso por Identificadores Unívocos
Registos Bibliográficos associados ao registo de autoridade

Etiqueta de registo: 00254nam 2200025 450
001 2284503
003 http://id.bnportugal.gov.pt/bib/catbnp/2284503
100 ## $a20260415d2025 k y0pory01030103ba
101 0# $aeng
102 ## $aPT
105 ## $ay m 000yy
106 ## $ar
200 1# $aProject governance$eexamining the role of PMOs and PMIS Impact in enhancing organizational project management$fAntónio José Vieira Póvoa Monteiro$gorient. Vítor Santos, João Varajão
210 #9 $aLisboa$c[s.n.],$d2025
215 ## $aXII, 94, [1] p.$cil.$d30 cm
328 #1 $aTese dout. Information Management, Instituto Superior de Estatística e Gestão de Informação, Universidade de Lisboa, 2025
675 ## $a005.5(043)$vBN$zpor$31279180
700 #1 $aMonteiro,$bAntónio José Vieira Póvoa$31995849
702 #1 $917$aSantos,$bVitor$4727$31748832
702 #1 $aVarajão,$bJoão Eduardo Quintela$4727$3907791
801 #0 $aPT$bBN$gRPC
966 ## $lBN$mFGMON$sP. 72597 V.$x1
971 ## $cabrito$d20260415
973 ## $cigoulao$d20260421

OpendataBNP@bnportugal.pt | Mais informação sobre acesso aos dados BNP